Cargando…

Labors Appropriate to Their Sex : Gender, Labor, and Politics in Urban Chile, 1900-1930 /

The first systematic account of Chilean women's labor from 1885 to 1930 showing how women's paid labor became a locus of anxiety for a society confronting social problems linked to modernization.

Detalles Bibliográficos
Autor principal: Hutchison, Elizabeth Q. (Elizabeth Quay) (Autor)
Formato: Electrónico eBook
Idioma:Inglés
Publicado: Durham, NC : Duke University Press, 2001.
Colección:Book collections on Project MUSE.
Temas:
Acceso en línea:Texto completo

MARC

LEADER 00000cam a22000004a 4500
001 musev2_70155
003 MdBmJHUP
005 20230905051234.0
006 m o d
007 cr||||||||nn|n
008 100909s2001 ncu o 00 0 eng d
010 |z  2001033109 
020 |a 9780822381310 
020 |z 9780822327424 
020 |z 9780822327325 
035 |a (OCoLC)1110199407 
040 |a MdBmJHUP  |c MdBmJHUP 
100 1 |a Hutchison, Elizabeth Q.  |q (Elizabeth Quay),  |e author. 
245 1 0 |a Labors Appropriate to Their Sex :   |b Gender, Labor, and Politics in Urban Chile, 1900-1930 /   |c Elizabeth Quay hutchison. 
264 1 |a Durham, NC :  |b Duke University Press,  |c 2001. 
264 3 |a Baltimore, Md. :  |b Project MUSE,   |c 2020 
264 4 |c ©2001. 
300 |a 1 online resource (360 pages):   |b illustrations 
336 |a text  |b txt  |2 rdacontent 
337 |a computer  |b c  |2 rdamedia 
338 |a online resource  |b cr  |2 rdacarrier 
490 0 |a Latin America otherwise 
505 0 0 |g [pt.] 1.  |t Working-class life and politics --  |g 1.  |t Gender, industrialization, and urban change in Santiago --  |g 2.  |t Women at work in Santiago --  |g 3. "To work like men and not cry like women" : the problem of women in male workers' politics --  |g 4.  |t Somos todas obreras! : socialists and working-class feminism --  |g [pt.] 2.  |t Women workers and the social question --  |g 5.  |t Women's vocational training : the female face of industrialization --  |g 6.  |t Señoras y señoritas : Catholic women defend the hijas de familia --  |g 7.  |t Women, work, and motherhood : gender and legislative consensus --  |t Conclusion : women, work, and historical change. 
520 |a The first systematic account of Chilean women's labor from 1885 to 1930 showing how women's paid labor became a locus of anxiety for a society confronting social problems linked to modernization. 
546 |a English. 
588 |a Description based on print version record. 
650 0 7 |a Geschichte 1900-1930.  |2 swd 
650 7 |a MOVIMIENTO OBRERO  |z CHILE  |x HISTORIA.  |2 renib 
650 7 |a INDUSTRIALIZACION  |z CHILE.  |2 renib 
650 7 |a MUJERES  |x EMPLEOS  |z CHILE  |x HISTORIA  |y SIGLO 20.  |2 renib 
650 1 7 |a Arbeidersbeweging.  |2 gtt 
650 1 7 |a Vrouwenarbeid.  |2 gtt 
650 7 |a Geschlechterrolle  |2 gnd 
650 7 |a Stadt  |2 gnd 
650 7 |a Women  |x Employment.  |2 fast  |0 (OCoLC)fst01176715 
650 7 |a Labor movement.  |2 fast  |0 (OCoLC)fst00990079 
650 7 |a Industrialization.  |2 fast  |0 (OCoLC)fst00971825 
650 7 |a POLITICAL SCIENCE  |x Labor & Industrial Relations.  |2 bisacsh 
650 6 |a Mouvement ouvrier  |z Chili  |x Histoire. 
650 6 |a Industrialisation  |z Chili. 
650 6 |a Mouvement ouvrier  |z Chili  |x Histoire20e siecle. 
650 6 |a Industrialisation  |z Chili  |x Histoire  |y 20e siecle. 
650 6 |a Travailleuses  |z Chili  |x Histoire  |y 20e siecle. 
650 0 |a Industrialization  |z Chile  |x History  |y 20th century. 
650 0 |a Labor movement  |z Chile  |x History. 
650 0 |a Industrialization  |z Chile. 
650 0 |a Women  |x Employment  |z Chile  |x History  |y 20th century. 
651 7 |a Chile  |2 gnd 
651 7 |a Chile.  |2 fast  |0 (OCoLC)fst01205362 
600 1 7 |a Arbeit, ...  |2 gnd 
655 7 |a History.  |2 fast  |0 (OCoLC)fst01411628 
655 7 |a Electronic books.   |2 local 
710 2 |a Project Muse.  |e distributor 
830 0 |a Book collections on Project MUSE. 
856 4 0 |z Texto completo  |u https://projectmuse.uam.elogim.com/book/70155/ 
945 |a Project MUSE - Custom Collection